[Event "Mittelrhein Verbandsliga-O 1112"]
[Site "Germany"]
[Date "2012.05.20"]
[Round "11"]
[White "Rehberg, Dirk"]
[Black "Rahmen, Christian"]
[Result "0-1"]
[WhiteElo "1167"]
[BlackElo "1586"]
[PlyCount "144"]
[EventDate "2011.09.18"]
[EventType "team-tourn"]
[EventRounds "11"]
[EventCountry "GER"]
[SourceTitle "EXT 2013"]
[Source "ChessBase"]
[SourceDate "2012.11.22"]
[SourceVersion "1"]
[SourceVersionDate "2012.11.22"]
[SourceQuality "1"]
[WhiteTeam "Siegburg"]
[BlackTeam "Koeln Porz III"]
[WhiteTeamCountry "GER"]
[BlackTeamCountry "GER"]

1. d4 Nf6 2. c4 g6 3. Nf3 Bg7 4. Nc3 0-0 5. e4 d6 6. Be2 e5 7. d5 Nbd7 8. 0-0 Nh5 9. Be3 Nf4 10. Bxf4 exf4 11. Qd2 Ne5 12. h3 Nxf3+ 13. Bxf3 Qg5 14. Kh1 a6 15. Rac1 Qe5 16. b4 Re8 17. Rfe1 Bd7 18. Ne2 Rac8 19. Qxf4 Qxf4 20. Nxf4 Bh6 21. g3 Bxf4 22. gxf4 Bxh3 23. c5 f6 24. Kh2 Bd7 25. c6 bxc6 26. dxc6 Be6 27. a4 Bb3 28. a5 Rb8 29. Kg3 Rxb4 30. Rb1 Reb8 31. f5 Ba4 32. Rxb4 Rxb4 33. fxg6 hxg6 34. Rc1 Bb5 35. e5 fxe5 36. Bd5+ Kg7 37. Be6 Ra4 38. Bd7 Rxa5 39. Rc3 Ra4 40. Rf3 Rc4 41. Rb3 Bxc6 42. Be6 Rf4 43. Rc3 Kf6 44. Bg4 Kg5 45. Bc8 Rf3+ 46. Rxf3 Bxf3 47. Kxf3 a5 48. Bd7 Kf6 49. Bc6 Ke6 50. Ke4 a4 51. Bxa4 d5+ 52. Ke3 g5 53. f3 Kd6 54. Bc2 Kc5 55. Kd3 Kb4 56. Bd1 c5 57. Be2 c4+ 58. Kc2 d4 59. Bf1 g4 60. fxg4 e4 61. g5 d3+ 62. Kc1 c3 63. g6 Kb3 64. g7 d2+ 65. Kd1 Kb2 66. g8Q c2+ 67. Ke2 d1Q+ 68. Kf2 e3+ 69. Kg3 c1Q 70. Qb8+ Qb3 71. Qh8+ Qcc3 72. Qh2+ e2+ 0-1

[Event "Cologne Longerich op 8th"]
[Site "Cologne"]
[Date "2011.08.12"]
[Round "1"]
[White "Rahmen, Christian"]
[Black "Klein, Markus1111"]
[Result "1-0"]
[WhiteElo "1572"]
[BlackElo "1303"]
[PlyCount "59"]
[EventDate "2011.08.12"]
[EventType "swiss"]
[EventRounds "5"]
[EventCountry "GER"]
[SourceTitle "CBM 144 Extra"]
[Source "ChessBase"]
[SourceDate "2011.10.28"]
[SourceVersion "1"]
[SourceVersionDate "2011.10.28"]
[SourceQuality "1"]

1. d4 d5 2. e4 dxe4 3. Nc3 Nc6 4. Bb5 Bd7 5. f3 exf3 6. Nxf3 e6 7. 0-0 Be7 8. Qe1 Bf6 9. Qf2 Nge7 10. Ne4 Nf5 11. c3 0-0 12. g4 Nd6 13. Nxf6+ Qxf6 14. g5 Qf5 15. Ba4 b5 16. Bc2 Qg4+ 17. Kh1 Ne7 18. Ne5 Bc6+ 19. Nxc6 Nxc6 20. Bd1 Qe4+ 21. Bf3 Qd3 22. Bxc6 Rab8 23. Bf4 Nf5 24. Rad1 Qc4 25. Be4 Ne7 26. Rd3 Qxa2 27. Bxh7+ Kh8 28. Rh3 Qa6 29. Qh4 f5 30. Bg6+ 1-0

[Event "Cologne Chess Days op"]
[Site "Cologne"]
[Date "2010.08.22"]
[Round "5"]
[White "Hund, Sarah"]
[Black "Rahmen, Christian"]
[Result "0-1"]
[WhiteElo "980"]
[BlackElo "1387"]
[PlyCount "100"]
[EventDate "2010.08.20"]
[EventType "swiss"]
[EventRounds "5"]
[EventCountry "GER"]
[SourceTitle "EXT 2011"]
[Source "ChessBase"]
[SourceDate "2010.11.26"]
[SourceVersion "1"]
[SourceVersionDate "2010.11.26"]
[SourceQuality "1"]

1. e4 Nf6 2. e5 Nd5 3. d4 d6 4. Bc4 Nb6 5. Bb3 dxe5 6. Qh5 e6 7. Qxe5 Nc6 8. Qe3 Qxd4 9. Nf3 Qf6 10. Nc3 Bb4 11. Bd2 0-0 12. a3 Ba5 13. Qg5 Qxg5 14. Nxg5 Nd4 15. 0-0 h6 16. Nge4 Nxb3 17. cxb3 Rd8 18. Rfd1 Nd7 19. Nb5 Bb6 20. Bf4 c6 21. Nbc3 e5 22. Be3 Bxe3 23. fxe3 Re8 24. Nd6 Re7 25. Nce4 Nb6 26. Nc5 Nd5 27. e4 Ne3 28. Rd3 Nc2 29. Rf1 b6 30. Rd2 Nd4 31. Nd3 Ba6 32. Nc4 Nxb3 33. Rc2 Bxc4 34. Rxc4 Nd2 35. Rcc1 Nxf1 36. Kxf1 Rd8 37. Nb4 c5 38. Nc6 Red7 39. Nxd8 Rxd8 40. Ke2 f6 41. Rd1 Rxd1 42. Kxd1 Kf7 43. Kd2 Ke6 44. Kd3 f5 45. g3 f4 46. gxf4 exf4 47. Ke2 Ke5 48. Kf3 g5 49. b3 g4+ 50. Kxg4 Kxe4 0-1

[Event "GER-chT U14"]
[Site "Arendsee"]
[Date "2009.12.29"]
[Round "6.4"]
[White "Rahmen, Christian"]
[Black "Wanninger, Carl"]
[Result "0-1"]
[WhiteElo "1223"]
[BlackElo "1597"]
[PlyCount "44"]
[EventDate "2009.12.27"]
[EventType "team-swiss"]
[EventRounds "7"]
[EventCountry "GER"]
[SourceTitle "EXT 2022"]
[Source "ChessBase"]
[SourceDate "2021.10.06"]
[SourceVersion "1"]
[SourceVersionDate "2021.10.06"]
[SourceQuality "1"]
[WhiteTeam "Koeln Muelheim U14"]
[BlackTeam "Ergolding FC U14"]
[WhiteTeamCountry "GER"]
[BlackTeamCountry "GER"]

1. Nf3 d5 2. g3 c5 3. Bg2 Nc6 4. 0-0 Bf5 5. d3 e6 6. Nbd2 Nf6 7. Re1 Be7 8. e4 dxe4 9. dxe4 Nxe4 10. Nh4 Bxh4 11. Nxe4 Be7 12. Bf4 0-0 13. Qh5 Bg6 14. Qg4 f5 15. Qe2 Nd4 16. Qd3 fxe4 17. Bxe4 Bxe4 18. Qxe4 Bg5 19. Rad1 Bxf4 20. gxf4 Qd5 21. c3 Nf3+ 22. Kf1 Nd2+ 0-1

[Event "GER-chT U14"]
[Site "Arendsee"]
[Date "2009.12.29"]
[Round "5.4"]
[White "Stoevesand, Peter"]
[Black "Rahmen, Christian"]
[Result "1-0"]
[WhiteElo "1613"]
[BlackElo "1223"]
[PlyCount "119"]
[EventDate "2009.12.27"]
[EventType "team-swiss"]
[EventRounds "7"]
[EventCountry "GER"]
[SourceTitle "EXT 2022"]
[Source "ChessBase"]
[SourceDate "2021.10.06"]
[SourceVersion "1"]
[SourceVersionDate "2021.10.06"]
[SourceQuality "1"]
[WhiteTeam "Neubrandenburg SG Eintracht U14"]
[BlackTeam "Koeln Muelheim U14"]
[WhiteTeamCountry "GER"]
[BlackTeamCountry "GER"]

1. e4 Nf6 2. e5 Nd5 3. c4 Nb6 4. d4 d6 5. exd6 cxd6 6. Nc3 g6 7. Bd3 Bg7 8. Be3 0-0 9. Nge2 Nc6 10. b3 a6 11. Rc1 e5 12. d5 Nb4 13. Bb1 a5 14. 0-0 Nd7 15. Ng3 f5 16. Bd2 e4 17. Nb5 Bb2 18. Bxb4 axb4 19. Rc2 Be5 20. Qd2 Nc5 21. Qxb4 Nd3 22. Qd2 Bd7 23. Nc3 Qb6 24. Kh1 Qd8 25. Nce2 Qh4 26. f3 Rae8 27. f4 Bg7 28. Qe3 Bc8 29. Rd2 Nc5 30. Ng1 Qf6 31. N1e2 Bd7 32. Nd4 Na6 33. Nge2 Rb8 34. Nc3 Nc7 35. Bc2 b5 36. Ra1 Rfc8 37. Bd1 bxc4 38. bxc4 Rb7 39. Bb3 Ra8 40. Rc1 Na6 41. g4 Nc5 42. g5 Qd8 43. Ncb5 Bxb5 44. Nxb5 Nd3 45. Rcd1 Rc8 46. Rxd3 Rxb5 47. cxb5 exd3 48. Rxd3 Rc5 49. a4 Qc7 50. Qe6+ Kf8 51. Re3 Qd8 52. b6 Rc8 53. a5 Ra8 54. b7 Rxa5 55. Qe8+ Qxe8 56. Rxe8+ Kxe8 57. b8Q+ Kf7 58. Qc7+ Kf8 59. Qxa5 Ke7 60. Qc7+ 1-0

[Event "GER-chT U14"]
[Site "Arendsee"]
[Date "2009.12.28"]
[Round "3.4"]
[White "Foerstel, Markus"]
[Black "Rahmen, Christian"]
[Result "1-0"]
[WhiteElo "1382"]
[BlackElo "1223"]
[PlyCount "27"]
[EventDate "2009.12.27"]
[EventType "team-swiss"]
[EventRounds "7"]
[EventCountry "GER"]
[SourceTitle "EXT 2022"]
[Source "ChessBase"]
[SourceDate "2021.10.06"]
[SourceVersion "1"]
[SourceVersionDate "2021.10.06"]
[SourceQuality "1"]
[WhiteTeam "Forchheim SC U14"]
[BlackTeam "Koeln Muelheim U14"]
[WhiteTeamCountry "GER"]
[BlackTeamCountry "GER"]

1. e4 Nf6 2. e5 Nd5 3. Nc3 Nb6 4. Nf3 d6 5. d4 dxe5 6. Nxe5 Bf5 7. Qf3 e6 8. Qxb7 Bxc2 9. Bb5+ N8d7 10. Qf3 f6 11. Nc6 Qc8 12. Qe2 a6 13. Qxe6+ Be7 14. Qxe7# 1-0